000 00946nas a2200337 4500
001 BR0804944
003 BR-BrBNA
005 20231205112356.0
007 ta
008 230509b bl.|||p| |||| 00| 00por d
040 _aBR-BrBNA
_bpor
_cBiblioteca Nacional de Agricultura
041 _a(Pt)
072 _aL73
100 1 _aAlves, C.G.T.
100 1 _aSilva, F.F.
100 1 _aMelo, L.E.H.
100 1 _aSantos, N.V.M.
100 1 _aSilva Junior, F.F.
100 1 _aMachado, P.P.
100 1 _aMedeiros, E.S.
100 1 _aPeixoto, R.M.
100 1 _aMota, R.A.
245 1 _aIdentificação de bactérias em infecções podais de vacas leiteiras
650 _aVACA LEITEIRA
650 _aBACTERIA
650 _aCASCO
650 _aINFECÇÃO
773 0 _tMedicina Veterinaria (Brazil)
_xISSN 1809-4678
_g(Jul-Dec 2007), v. 1(2) p. 16-20
_wBR0804944
909 _a202311
_bLúcia
_c55
_dLúcia Elande
942 _2AGRIS
_n0
_cANA
999 _c197710
_d197710